000 00699nam a22001937a 4500
999 _c168425
_d168425
005 20191007161738.0
010 _aENG-126616
020 _a9789353284541
_c375.00
035 _aEN-110148
037 _bDBAD/PUB
082 _a338.064
100 _aKapoor, Mansi
245 _aGlobal business environment :
_cby Mansi Kapoor
_bshifting paradigms in the fourth industrial revolution /
260 _aNew Delhi
_bSAGE Publications
_c2019
270 _aB1/1-1, Mohan Cooperative Industrial Area
_bMathura Road, New Delhi
_e110044
_mwww.sagepub.in
300 _avarious paging.
_c24cm(pbk)
500 _aIncludes bibliographical references and index
942 _2ddc
_cEN
_h338.064
_mKAP